MAASAI MARA UNIVERSITY

LIBRARY CATALOGUE

Contact Us: +254 020 2685356/7 or 0774 057787

Box: 861-20500, NAROK, KENYA

Email: info@mmarau.ac.ke

(Record no. 1458)

MARC details
000 -LEADER
fixed length control field 00422nam a2200109Ia 4500
008 - FIXED-LENGTH DATA ELEMENTS--GENERAL INFORMATION
fixed length control field 151015s9999 xx 000 0 und d
050 ## - LIBRARY OF CONGRESS CALL NUMBER
Classification number B4 2400 R4 1998
250 ## - EDITION STATEMENT
Edition statement _Living Our Catholic Legacies: Vowed Life Feature Religious Mission Finding God Living Celibately Balkans Report / edited by David L. Fleming
300 ## - PHYSICAL DESCRIPTION
Extent [s.l] : Catholic Press 1998
650 ## - SUBJECT ADDED ENTRY--TOPICAL TERM
Topical term or geographic name as entry element _Religious Mission
700 ## - ADDED ENTRY--PERSONAL NAME
Personal name ^d20110308 11:22:14^okorir

No items available.

© 2016 Maasai Mara University.